000 01230nam a2200253 a 4500
001 59378
003 BD-RjUL
005 20211209080725.0
008 161224s2011 bg ||||| |||| 00| 0 ben d
020 _c: Tk. 550.00
035 _a(BD-RjUL)59502
040 _aBD-RjUL
_bben
_cBD-RjUL
_dBD-RjUL
041 _aben
082 _223
_a342.0878
_bSIN 2011
100 1 _aসিদ্দিক, এ বি
_9143803
245 1 0 _aনারী ও শিশু নির্যাতন দমন আইন এবং অন্যান্য প্রাসঙ্গিক আইন :
_b(ইংরেজী ভার্ষন মূল বাংলা পাঠ) (বিশ্লেষণ ও উচ্চতর আদালতের সিদ্ধান্ত সহ) /
_cএ বি সিদ্দিক ও বাহাউদ্দিন আহমেদ
250 _a৪র্থ সং.
260 _aঢাকা :
_bসামছু পাবলিকেশন্স,
_c২০১১
300 _a[২৮], ।৪৬৬ পৃ. ;
_c২১ সেমি.
650 _aমহিলা আইন
_9144245
650 _aWoman Law
_9144246
700 _aআহমেদ, বাহাউদ্দিন
_9176612
942 _2ddc
_cBK
999 _c59378
_d59378